Preistheorie /

Bibliographic Details
Main Author: Richter, Rudolf, 1926-
Format: Book
Language:German
Published: Wiesbaden : Betriebswirtschaftlicher Verlag T. Gabler, [1963]
Series:Wirtschaftswissenschaften ; Reihe B : Volkswirtschaftslehre ; no. 4.
Subjects:

MARC

Tag First Indicator Second Indicator Subfields
LEADER 00000cam a2200000Ii 4500
001 in00000058114
005 20151008051503.0
008 800422s1963 gw b b 001 0 ger d
029 1 |a NLGGC  |b 043319106 
029 1 |a NLGGC  |b 198787014 
035 |a (OCoLC)ocm06232052 
035 |a (OCoLC)06232052 
035 |9 AAG8223AM 
040 |a WAU  |c WAU  |d UtOrBLW 
049 |a TXAM  |c [413717] 
082 0 4 |a 338.52 
090 |a H31  |b .W5 ser.B, no.4 
100 1 |a Richter, Rudolf,  |d 1926- 
245 1 0 |a Preistheorie /  |c Rudolf Richter. 
264 1 |a Wiesbaden :  |b Betriebswirtschaftlicher Verlag T. Gabler,  |c [1963] 
300 |a 212 pages :  |b illustrations ;  |c 24 cm. 
336 |a text  |b txt  |2 rdacontent 
337 |a unmediated  |b n  |2 rdamedia 
338 |a volume  |b nc  |2 rdacarrier 
490 1 |a Die Wirtschaftswissenschaften ;  |v 50. und 51. Lieferung ; Reihe B (Volkswirtschaftslehre) / Beitrag Nr. 4 
504 |a Includes bibliographies and indexes. 
650 0 |a Prices. 
830 0 |a Wirtschaftswissenschaften ; Reihe B : Volkswirtschaftslehre ;  |v no. 4. 
994 |a C0  |b TXA 
999 |a MARS 
999 f f |s 844e0ad0-ddfd-3b63-9362-ac09d4f740bf  |i 72a4318e-b9e0-34eb-8702-82ceebc099d4  |t 0 
952 f f |p ric  |a Texas A&M University  |b Rellis Campus  |c Joint Library Facility  |d Remote Storage  |t 0  |e H31 .W5 ser.B no.4  |h Library of Congress classification  |i unmediated -- volume  |m A14800768362 
998 f f |a H31 .W5 ser.B no.4  |t 0  |l Remote Storage